[Event "FRA-chT 0304 Regionale"]
[Site "Bretagne "]
[Date "2004.02.01"]
[Round "5"]
[White "Despres, Xavier"]
[Black "Coll, Henri"]
[Result "0-1"]
[WhiteElo "1480"]
[BlackElo "1600"]
[PlyCount "64"]
[EventDate "2003.01.16"]
[EventType "team"]
[EventRounds "7"]
[EventCountry "FRA"]
[SourceTitle "EXT 2007"]
[Source "ChessBase"]
[SourceDate "2006.11.23"]
[SourceVersion "1"]
[SourceVersionDate "2006.11.23"]
[SourceQuality "1"]

1. e4 c5 2. Nf3 d6 3. d4 cxd4 4. Nxd4 Nf6 5. Nc3 Nc6 6. f3 a6 7. Be3 e6 8. Qd2 Be7 9. 0-0-0 Nxd4 10. Bxd4 e5 11. Be3 b5 12. a3 Be6 13. g4 Qa5 14. Nd5 Qxd2+ 15. Rxd2 Bxd5 16. exd5 0-0 17. Bd3 h6 18. Be4 Nxe4 19. fxe4 Rfc8 20. Re2 Rc4 21. Bf2 a5 22. Kb1 Rb8 23. Be1 b4 24. Ka2 bxa3 25. Kxa3 Bd8 26. b3 Rcc8 27. c4 a4 28. Rb2 axb3 29. Rxb3 Ra8+ 30. Kb4 Ba5+ 31. Kb5 Rcb8+ 32. Kc6 Ra6+ 0-1

[Event "Bretagne tt 0203"]
[Site "Bretagne"]
[Date "2002.10.13"]
[Round "1"]
[White "Fontaine, David"]
[Black "Coll, Henri"]
[Result "1-0"]
[WhiteElo "1840"]
[BlackElo "1570"]
[PlyCount "83"]
[EventDate "2002.??.??"]
[EventType "team"]
[EventRounds "9"]
[EventCountry "FRA"]
[SourceTitle "EXT 2004"]
[Source "ChessBase"]
[SourceDate "2003.11.25"]
[SourceVersion "1"]
[SourceVersionDate "2003.11.25"]
[SourceQuality "1"]

1. d4 d5 2. c4 c6 3. Nf3 Nf6 4. Nc3 e6 5. Bg5 Be7 6. e3 h6 7. Bh4 Nbd7 8. Qc2 0-0 9. cxd5 Nxd5 10. Bxe7 Qxe7 11. Bd3 Nb4 12. Qd2 Nxd3+ 13. Qxd3 Qb4 14. Qc2 b5 15. 0-0 Bb7 16. a3 Qe7 17. b4 Nf6 18. Nd2 Rfd8 19. Nde4 Nxe4 20. Nxe4 Rd5 21. Nc5 Rh5 22. Qe2 Qh4 23. h3 Bc8 24. f4 g5 25. Ne4 Kg7 26. g4 f5 27. gxh5 fxe4 28. Kh2 Bd7 29. fxg5 hxg5 30. Qf2 Qxh5 31. Qf6+ Kg8 32. Rg1 Qf7 33. Rxg5+ Kf8 34. Qh6+ Ke8 35. Rag1 Kd8 36. Qh8+ Be8 37. Rg8 Rc8 38. Rxe8+ Qxe8 39. Rg8 Kd7 40. Rxe8 Rxe8 41. Qg7+ Re7 42. Qg6 1-0